Správa o makroekonomickom vývoji a vývoji verejných financií SR za 1. polrok 2009 a predikcia vývoja do konca roka

Vývoj makroekonomického prostredia Slovenska. Vývoj verejných financií - štátny rozpočet, ostatné subjekty verejnej správy a mimorozpočtové účty. Odhad salda verejnej správy v Metodike ESA95 na rok 2009. Odhadovaná výška deficitu verejnej správy.

Enregistré dans:
Détails bibliographiques
Format: Chapitre de livre
Langue:slovaque
Sujets:
Tags: Ajouter un tag
Pas de tags, Soyez le premier à ajouter un tag!

MARC

LEADER 00000naa$a2200000$$$4500
001 0106576
005 20230927074841.3
041 0 |a slo 
044 |a SK 
245 1 0 |a Správa o makroekonomickom vývoji a vývoji verejných financií SR za 1. polrok 2009 a predikcia vývoja do konca roka 
520 |a Vývoj makroekonomického prostredia Slovenska. Vývoj verejných financií - štátny rozpočet, ostatné subjekty verejnej správy a mimorozpočtové účty. Odhad salda verejnej správy v Metodike ESA95 na rok 2009. Odhadovaná výška deficitu verejnej správy. 
610 2 0 |a vývoj hospodársky 
610 2 0 |a makroekonomika 
610 2 0 |a mena 
610 2 0 |a financie verejné 
610 2 0 |a rozpočet štátny 
610 2 0 |a príjmy rozpočtu štátneho 
610 2 0 |a výdavky rozpočtu štátneho 
610 2 0 |a účty 
610 2 0 |a správa verejná 
610 2 0 |a saldo 
610 2 0 |a Slovensko 
610 2 0 |a prognózy 
610 2 0 |a 2009